Chanteurs par noms d'albums - Statistiques

Statistiques générales
  • Ce quiz a été pris 73 fois
  • Le résultat moyen est 9 sur 15
Statistiques - réponses
Hint Réponse % Correct
L'ovni / Dans ma paranoïa Jul
94%
Bad / Thriller / Dangerous Michael Jackson
94%
Artpop / Born This Way / The Fame Monster Lady Gaga
83%
Un Verano Sin Ti / DeBÍ TiRAR MáS FOToS Bad Bunny
77%
Sweetener / My everthing / Thank U next Ariana Grande
75%
Unorthodox Jukebox / The romantic / 24k Magic Bruno Mars
69%
Brol / Nonante-Cinq Angèle
68%
Midnights / Lover / 1989 / Folklore Taylor Swift
57%
Play / = / Divide Ed Sheeran
51%
19 / 21 / 25 / 30 Adele
48%
Sour / Guts Olivia Rodrigo
43%
Man's best friend / Short n'sweet / Emails I can't send Sabrina Carpenter
43%
Brat / True Romance Charli xcx
35%
The Album / Born Pink Blackpink
22%
Exodus / Survival Bob Marley
15%
Aucun quiz correspondant
Distribution des résultats
% des personnes avec chaque résultat
Percentile par nombre de réponses
Votre historique - résultats
Vous n’avez pas pris ce quiz